LEADER 01813nam 22004573 450 001 9911042411503321 005 20251110120350.0 010 $a1-394-42367-5 010 $a1-394-42365-9 035 $a(CKB)42026120200041 035 $a(MiAaPQ)EBC32405289 035 $a(Au-PeEL)EBL32405289 035 $a(OCoLC)1551395749 035 $a(EXLCZ)9942026120200041 100 $a20251110d2026 uy 0 101 0 $aeng 135 $aur||||||||||| 181 $ctxt$2rdacontent 182 $cc$2rdamedia 183 $acr$2rdacarrier 200 10$aNanosatellites, CubeSats of the NewSpace Era for Space Observation 1 $eEvolution of the Space Era and Mechanics of Things for CubeSats 205 $a1st ed. 210 1$aNewark :$cJohn Wiley & Sons, Incorporated,$d2026. 210 4$dİ2025. 215 $a1 online resource (226 pages) 225 1 $aISTE Invoiced Series 311 08$a1-83669-021-5 330 $aNanosatellites, CubeSats of the NewSpace Era for Space Observation 1 traces the evolution of space exploration, from 1957 and the first astronomical observations, to the NewSpace era.This book highlights major scientific and technological advances, while emphasizing the crucial role of collaboration between the public and private sectors. 410 0$aISTE Invoiced Series 606 $aSCIENCE / Space Science / General$2bisacsh 606 $aSCIENCE / Space Science / Space Exploration$2bisacsh 615 7$aSCIENCE / Space Science / General 615 7$aSCIENCE / Space Science / Space Exploration 700 $aDahoo$b Pierre Richard$0924208 801 0$bMiAaPQ 801 1$bMiAaPQ 801 2$bMiAaPQ 906 $aBOOK 912 $a9911042411503321 996 $aNanosatellites, CubeSats of the NewSpace Era for Space Observation 1$94458791 997 $aUNINA